Hóa học hữu cơ
Trình bày những kiến thức cơ bản về hoá học hữu cơ, về hiđrocacbon no và không no, hiđrocacbon thơm, dầu mỏ và khí thiên nhiên, hoá học lập thể, phương pháp phổ và cấu tạo hợp chất hữu cơ, dẫn xuất halogen của hiđrocacbon, hợp chất cơ nguy...
محفوظ في:
| المؤلف الرئيسي: | |
|---|---|
| التنسيق: | كتاب |
| اللغة: | Undetermined |
| منشور في: |
Hà Nội
Giáo dục Việt Nam
2014
|
| الموضوعات: | |
| الوسوم: |
إضافة وسم
لا توجد وسوم, كن أول من يضع وسما على هذه التسجيلة!
|
| Thư viện lưu trữ: | Trung tâm Học liệu Trường Đại học Cần Thơ |
|---|
| LEADER | 01019nam a2200217Ia 4500 | ||
|---|---|---|---|
| 001 | CTU_207258 | ||
| 008 | 210402s9999 xx 000 0 und d | ||
| 020 | |c 178000 | ||
| 082 | |a 547.2 | ||
| 082 | |b T103/T.1 | ||
| 100 | |a Đặng, Như Tại | ||
| 245 | 0 | |a Hóa học hữu cơ | |
| 245 | 0 | |c Đặng Như Tại, Ngô Thị Thuận | |
| 260 | |a Hà Nội | ||
| 260 | |b Giáo dục Việt Nam | ||
| 260 | |c 2014 | ||
| 520 | |a Trình bày những kiến thức cơ bản về hoá học hữu cơ, về hiđrocacbon no và không no, hiđrocacbon thơm, dầu mỏ và khí thiên nhiên, hoá học lập thể, phương pháp phổ và cấu tạo hợp chất hữu cơ, dẫn xuất halogen của hiđrocacbon, hợp chất cơ nguyên tố, ancol, phenol và ete | ||
| 650 | |a Chemistry, Organic,Organic compounds | ||
| 650 | |x Synthesis,Synthesis | ||
| 904 | |i Tuyến | ||
| 980 | |a Trung tâm Học liệu Trường Đại học Cần Thơ | ||